| 000 | 00664nam a22002057a 4500 | ||
|---|---|---|---|
| 003 | 0 | ||
| 005 | 20241007125647.0 | ||
| 008 | 241007b xxu||||| |||| 00| 0 eng d | ||
| 020 | _a9781547607419 | ||
| 050 |
_aPZ 7 _b.C745 2020 |
||
| 100 |
_aCondie, Ally, _eauthor. |
||
| 245 |
_aThe torchbearers : _ba darkdeep novel / _cAlly Condie and Brendan Reichs. |
||
| 260 |
_aNew York : _bBloomsbury Children's Books, _c2020. |
||
| 300 |
_a360 p. ; _c21 cm. |
||
| 650 |
_aAction and adventure _vFiction. |
||
| 650 |
_aCryptozoology _vJuvenile fiction. |
||
| 650 |
_aFriendship _vJuvenile fiction. |
||
| 650 |
_aMiddle school students _vJuvenile fiction. |
||
| 942 |
_2lcc _cBK |
||
| 999 |
_c366464 _d366464 |
||